|
|
|
|
| LEADER |
00000nam a2200000 a 4500 |
| 001 |
vtls001306961 |
| 003 |
SK-MaSNL |
| 005 |
20260301155727.0 |
| 008 |
240314s1976 xo 0 und |
| 035 |
|
|
|a SNK000259227
|
| 040 |
|
|
|a SNK
|b slo
|c SNK
|e AACR2
|
| 044 |
|
|
|a xo
|c SK
|
| 100 |
1 |
|
|a Mikulaj, Vladimír,
|d 1931-
|4 aut
|9 242140
|
| 245 |
1 |
0 |
|a Výživa tehotnej a dojčiacej ženy
|
| 260 |
|
|
|a Martin
|b Osveta
|c 1976
|
| 300 |
|
|
|a 54 s.
|
| 958 |
|
|
|a OND
|
| 999 |
|
|
|c 802421
|d 804351
|
| 952 |
|
|
|t P60, <04>, [BOOK], {604}
|a SNK
|b SNK
|y VYP
|7 0
|p 17A0104482
|o snkSC 39806 D1
|0 0
|1 0
|4 0
|d 1997-10-21
|l 0
|r 2005-01-02 00:00:00
|w 2026-02-24
|
| 952 |
|
|
|a SNK
|b SNK
|y PREZ
|7 0
|p 17A0999662
|o snkSC 39806
|0 0
|1 0
|4 0
|d 2013-08-15
|l 0
|r 2025-10-15 00:00:00
|w 2026-02-24
|